000 00624nam a2200181Ia 4500
008 151202s9999||||xx |||||||||||||| ||und||
082 _bPNVM-14198
100 _aमाडखोलकर ग.त्र्यं.
245 _aदुहेरी जीवन 3 री प्रत.
260 _b---
260 _c0
300 _a0
600 _aमाडखोलकर ग.त्र्यं.
630 _aदुहेरी जीवन 3 री प्रत.
700 _aमाडखोलकर ग.त्र्यं.
730 _aदुहेरी जीवन 3 री प्रत.
942 _cBOOK
999 _c1280184
_d1280181